|
|
|
|
| LEADER |
01109aam a22002658a 4500 |
| 001 |
00031928 |
| 005 |
20171026081025.0 |
| 008 |
140403s2013 ||||||viesd |
| 041 |
0 |
# |
|a vie
|
| 082 |
1 |
4 |
|a 364.160 959 7
|b T103L
|
| 110 |
0 |
# |
|a Viện khoa học thanh tra
|b Thanh tra chính phủ
|
| 245 |
1 |
0 |
|a Tài liệu bồi dưỡng về phòng, chống tham nhũng
|b Dùng cho giảng viên, giáo viên các trường đại học, cao đẳng, trung cấp
|c Thanh tra chính phủ. Viện khoa học thanh tra
|
| 250 |
# |
# |
|a Tái bản lần thứ nhất
|b Có sửa chữa, bổ sung
|
| 260 |
# |
# |
|a Hà Nội
|b Chính trị Quốc gia sự thật
|c 2013
|
| 300 |
# |
# |
|a 187 tr.
|c 19cm.
|
| 650 |
# |
4 |
|a Tham nhũng
|z Việt Nam
|
| 653 |
# |
# |
|a Pháp luật
|
| 653 |
# |
# |
|a Phòng chống
|
| 653 |
# |
# |
|a Tham nhũng
|
| 852 |
# |
# |
|b Kho mượn
|j KM.0016576
|
| 852 |
# |
# |
|b Kho đọc
|j KD.0015630
|
| 852 |
# |
# |
|j KD.0015630
|j KM.0016576
|
| 910 |
|
|
|d 3/4/2014
|
| 980 |
# |
# |
|a Trung tâm Học liệu Lê Vũ Hùng, Trường Đại học Đồng Tháp
|